<?xml version="1.0" encoding="UTF-8"?>
<record
    xmlns:xsi="http://www.w3.org/2001/XMLSchema-instance"
    xsi:schemaLocation="http://www.loc.gov/MARC21/slim http://www.loc.gov/standards/marcxml/schema/MARC21slim.xsd"
    xmlns="http://www.loc.gov/MARC21/slim">

  <leader>03707    a2200457   4500</leader>
  <controlfield tag="005">20090519142840.0</controlfield>
  <controlfield tag="008">090519t        xxu||||| |||| 00| 0 eng d</controlfield>
  <datafield tag="010" ind1=" " ind2=" ">
    <subfield code="a">ENG-89127               B-309896-906</subfield>
  </datafield>
  <datafield tag="020" ind1=" " ind2=" ">
    <subfield code="a">9780195694444</subfield>
    <subfield code="c">225.00</subfield>
  </datafield>
  <datafield tag="020" ind1=" " ind2=" ">
    <subfield code="a">0195694449</subfield>
    <subfield code="c">225.00</subfield>
  </datafield>
  <datafield tag="035" ind1=" " ind2=" ">
    <subfield code="a">EN-72660</subfield>
  </datafield>
  <datafield tag="035" ind1=" " ind2=" ">
    <subfield code="a">B-309896-906</subfield>
  </datafield>
  <datafield tag="035" ind1=" " ind2=" ">
    <subfield code="a">B-359129</subfield>
  </datafield>
  <datafield tag="037" ind1=" " ind2=" ">
    <subfield code="b">DBAD /  PUB</subfield>
  </datafield>
  <datafield tag="037" ind1=" " ind2=" ">
    <subfield code="b">Pansy Books </subfield>
  </datafield>
  <datafield tag="040" ind1=" " ind2=" ">
    <subfield code="a">dpl</subfield>
    <subfield code="b">English</subfield>
  </datafield>
  <datafield tag="082" ind1=" " ind2=" ">
    <subfield code="a">915.042</subfield>
  </datafield>
  <datafield tag="100" ind1=" " ind2=" ">
    <subfield code="a">Harvey, L.P.</subfield>
  </datafield>
  <datafield tag="245" ind1=" " ind2=" ">
    <subfield code="a">Ibn Battuta /</subfield>
    <subfield code="c">by  L.P. Harvey</subfield>
  </datafield>
  <datafield tag="260" ind1=" " ind2=" ">
    <subfield code="a">New Delhi</subfield>
    <subfield code="b">Oxford University Press</subfield>
    <subfield code="c">2007</subfield>
  </datafield>
  <datafield tag="270" ind1=" " ind2=" ">
    <subfield code="a">YMCA Library Building, Jai Singh Road</subfield>
    <subfield code="b">New  Delhi</subfield>
    <subfield code="e">110 001</subfield>
  </datafield>
  <datafield tag="300" ind1=" " ind2=" ">
    <subfield code="a">viii, 127p.</subfield>
    <subfield code="c">22cm(pbk)</subfield>
  </datafield>
  <datafield tag="490" ind1=" " ind2=" ">
    <subfield code="a">Makers of Islamic civilization/edited by Farhan A. Nizami</subfield>
  </datafield>
  <datafield tag="500" ind1=" " ind2=" ">
    <subfield code="a">Includes bibliographical references and index</subfield>
  </datafield>
  <datafield tag="942" ind1=" " ind2=" ">
    <subfield code="a">dpl</subfield>
    <subfield code="c">EN</subfield>
    <subfield code="2">ddc</subfield>
    <subfield code="h">915.042</subfield>
    <subfield code="m">HAR</subfield>
  </datafield>
  <datafield tag="999" ind1=" " ind2=" ">
    <subfield code="c">10079</subfield>
    <subfield code="d">10079</subfield>
  </datafield>
  <datafield tag="952" ind1=" " ind2=" ">
    <subfield code="0">0</subfield>
    <subfield code="1">0</subfield>
    <subfield code="2">ddc</subfield>
    <subfield code="4">0</subfield>
    <subfield code="7">0</subfield>
    <subfield code="a">AG</subfield>
    <subfield code="b">DBAD</subfield>
    <subfield code="d">2008-10-01</subfield>
    <subfield code="g">225.00</subfield>
    <subfield code="l">0</subfield>
    <subfield code="p">EN-72660</subfield>
    <subfield code="r">2008-09-15 00:00:00</subfield>
    <subfield code="u">11103</subfield>
    <subfield code="v">225.00</subfield>
    <subfield code="w">2008-09-15</subfield>
    <subfield code="y">EN</subfield>
  </datafield>
  <datafield tag="952" ind1=" " ind2=" ">
    <subfield code="0">0</subfield>
    <subfield code="1">0</subfield>
    <subfield code="2">ddc</subfield>
    <subfield code="4">0</subfield>
    <subfield code="7">0</subfield>
    <subfield code="8">NFIC</subfield>
    <subfield code="a">L</subfield>
    <subfield code="b">L</subfield>
    <subfield code="d">2009-05-19</subfield>
    <subfield code="e">UBS/8475/3.1.09/248/12.12.08/7.1.09</subfield>
    <subfield code="g">225.00</subfield>
    <subfield code="l">3</subfield>
    <subfield code="o">915.042 HAR</subfield>
    <subfield code="p">B-309896</subfield>
    <subfield code="r">2024-04-18 00:00:00</subfield>
    <subfield code="s">2024-04-04</subfield>
    <subfield code="t">1</subfield>
    <subfield code="v">225.00</subfield>
    <subfield code="w">2009-05-19</subfield>
    <subfield code="y">EN</subfield>
  </datafield>
  <datafield tag="952" ind1=" " ind2=" ">
    <subfield code="0">0</subfield>
    <subfield code="1">0</subfield>
    <subfield code="2">ddc</subfield>
    <subfield code="4">0</subfield>
    <subfield code="7">0</subfield>
    <subfield code="8">NFIC</subfield>
    <subfield code="a">M</subfield>
    <subfield code="b">M</subfield>
    <subfield code="d">2009-05-19</subfield>
    <subfield code="e">UBS/8475/3.1.09/248/12.12.08/7.1.09</subfield>
    <subfield code="g">225.00</subfield>
    <subfield code="l">0</subfield>
    <subfield code="o">915.042 HAR</subfield>
    <subfield code="p">B-309897</subfield>
    <subfield code="r">2009-05-19 00:00:00</subfield>
    <subfield code="t">2</subfield>
    <subfield code="v">225.00</subfield>
    <subfield code="w">2009-05-19</subfield>
    <subfield code="y">EN</subfield>
  </datafield>
  <datafield tag="952" ind1=" " ind2=" ">
    <subfield code="0">0</subfield>
    <subfield code="1">0</subfield>
    <subfield code="2">ddc</subfield>
    <subfield code="4">0</subfield>
    <subfield code="7">0</subfield>
    <subfield code="8">NFIC</subfield>
    <subfield code="a">M</subfield>
    <subfield code="b">M</subfield>
    <subfield code="d">2009-05-19</subfield>
    <subfield code="e">UBS/8475/3.1.09/248/12.12.08/7.1.09</subfield>
    <subfield code="g">225.00</subfield>
    <subfield code="l">0</subfield>
    <subfield code="o">915.042 HAR</subfield>
    <subfield code="p">B-309898</subfield>
    <subfield code="r">2009-05-19 00:00:00</subfield>
    <subfield code="t">2</subfield>
    <subfield code="v">225.00</subfield>
    <subfield code="w">2009-05-19</subfield>
    <subfield code="y">EN</subfield>
  </datafield>
  <datafield tag="952" ind1=" " ind2=" ">
    <subfield code="0">0</subfield>
    <subfield code="1">0</subfield>
    <subfield code="2">ddc</subfield>
    <subfield code="4">0</subfield>
    <subfield code="7">0</subfield>
    <subfield code="8">NFIC</subfield>
    <subfield code="a">BL1</subfield>
    <subfield code="b">BL1</subfield>
    <subfield code="d">2009-05-19</subfield>
    <subfield code="e">UBS/8475/3.1.09/248/12.12.08/7.1.09</subfield>
    <subfield code="g">225.00</subfield>
    <subfield code="l">2</subfield>
    <subfield code="o">915.042 HAR</subfield>
    <subfield code="p">B-309899</subfield>
    <subfield code="q">2023-03-15</subfield>
    <subfield code="r">2023-03-01 00:00:00</subfield>
    <subfield code="s">2023-03-01</subfield>
    <subfield code="t">1</subfield>
    <subfield code="v">225.00</subfield>
    <subfield code="w">2009-05-19</subfield>
    <subfield code="y">EN</subfield>
  </datafield>
  <datafield tag="952" ind1=" " ind2=" ">
    <subfield code="0">0</subfield>
    <subfield code="1">0</subfield>
    <subfield code="2">ddc</subfield>
    <subfield code="4">0</subfield>
    <subfield code="7">0</subfield>
    <subfield code="8">NFIC</subfield>
    <subfield code="a">PR</subfield>
    <subfield code="b">PR</subfield>
    <subfield code="d">2009-05-19</subfield>
    <subfield code="e">UBS/8475/3.1.09/248/12.12.08/7.1.09</subfield>
    <subfield code="g">225.00</subfield>
    <subfield code="l">1</subfield>
    <subfield code="o">915.042 HAR</subfield>
    <subfield code="p">B-309900</subfield>
    <subfield code="r">2022-08-23 00:00:00</subfield>
    <subfield code="s">2022-08-16</subfield>
    <subfield code="t">1</subfield>
    <subfield code="v">225.00</subfield>
    <subfield code="w">2009-05-19</subfield>
    <subfield code="y">EN</subfield>
  </datafield>
  <datafield tag="952" ind1=" " ind2=" ">
    <subfield code="0">0</subfield>
    <subfield code="1">0</subfield>
    <subfield code="2">ddc</subfield>
    <subfield code="4">0</subfield>
    <subfield code="7">0</subfield>
    <subfield code="8">NFIC</subfield>
    <subfield code="a">ZLS</subfield>
    <subfield code="b">ZLS</subfield>
    <subfield code="d">2009-05-19</subfield>
    <subfield code="e">UBS/8475/3.1.09/248/12.12.08/7.1.09</subfield>
    <subfield code="g">225.00</subfield>
    <subfield code="l">9</subfield>
    <subfield code="m">4</subfield>
    <subfield code="o">915.042 HAR</subfield>
    <subfield code="p">B-309901</subfield>
    <subfield code="r">2020-07-17 00:00:00</subfield>
    <subfield code="s">2020-02-22</subfield>
    <subfield code="t">1</subfield>
    <subfield code="v">225.00</subfield>
    <subfield code="w">2009-05-19</subfield>
    <subfield code="y">EN</subfield>
  </datafield>
  <datafield tag="952" ind1=" " ind2=" ">
    <subfield code="0">0</subfield>
    <subfield code="1">0</subfield>
    <subfield code="2">ddc</subfield>
    <subfield code="4">0</subfield>
    <subfield code="7">0</subfield>
    <subfield code="8">NFIC</subfield>
    <subfield code="a">RKP</subfield>
    <subfield code="b">RKP</subfield>
    <subfield code="d">2009-05-19</subfield>
    <subfield code="e">UBS/8475/3.1.09/248/12.12.08/7.1.09</subfield>
    <subfield code="g">225.00</subfield>
    <subfield code="l">0</subfield>
    <subfield code="o">915.042 HAR</subfield>
    <subfield code="p">B-309902</subfield>
    <subfield code="r">2009-05-19 00:00:00</subfield>
    <subfield code="t">1</subfield>
    <subfield code="v">225.00</subfield>
    <subfield code="w">2009-05-19</subfield>
    <subfield code="y">EN</subfield>
  </datafield>
  <datafield tag="952" ind1=" " ind2=" ">
    <subfield code="0">0</subfield>
    <subfield code="1">0</subfield>
    <subfield code="2">ddc</subfield>
    <subfield code="4">0</subfield>
    <subfield code="7">0</subfield>
    <subfield code="8">NFIC</subfield>
    <subfield code="a">AG</subfield>
    <subfield code="b">AG</subfield>
    <subfield code="d">2009-05-19</subfield>
    <subfield code="e">UBS/8475/3.1.09/248/12.12.08/7.1.09</subfield>
    <subfield code="g">225.00</subfield>
    <subfield code="l">0</subfield>
    <subfield code="o">915.042 HAR</subfield>
    <subfield code="p">B-309903</subfield>
    <subfield code="r">2009-05-19 00:00:00</subfield>
    <subfield code="t">1</subfield>
    <subfield code="v">225.00</subfield>
    <subfield code="w">2009-05-19</subfield>
    <subfield code="y">EN</subfield>
  </datafield>
  <datafield tag="952" ind1=" " ind2=" ">
    <subfield code="0">0</subfield>
    <subfield code="1">0</subfield>
    <subfield code="2">ddc</subfield>
    <subfield code="4">0</subfield>
    <subfield code="7">0</subfield>
    <subfield code="8">NFIC</subfield>
    <subfield code="a">SP</subfield>
    <subfield code="b">SP</subfield>
    <subfield code="d">2009-05-19</subfield>
    <subfield code="e">UBS/8475/3.1.09/248/12.12.08/7.1.09</subfield>
    <subfield code="g">225.00</subfield>
    <subfield code="l">0</subfield>
    <subfield code="o">915.042 HAR</subfield>
    <subfield code="p">B-309904</subfield>
    <subfield code="r">2009-05-19 00:00:00</subfield>
    <subfield code="t">1</subfield>
    <subfield code="v">225.00</subfield>
    <subfield code="w">2009-05-19</subfield>
    <subfield code="y">EN</subfield>
  </datafield>
  <datafield tag="952" ind1=" " ind2=" ">
    <subfield code="0">0</subfield>
    <subfield code="1">0</subfield>
    <subfield code="2">ddc</subfield>
    <subfield code="4">0</subfield>
    <subfield code="7">0</subfield>
    <subfield code="8">NFIC</subfield>
    <subfield code="a">BL3</subfield>
    <subfield code="b">BL3</subfield>
    <subfield code="d">2009-05-19</subfield>
    <subfield code="e">UBS/8475/3.1.09/248/12.12.08/7.1.09</subfield>
    <subfield code="g">225.00</subfield>
    <subfield code="l">0</subfield>
    <subfield code="o">915.042 HAR</subfield>
    <subfield code="p">B-309905</subfield>
    <subfield code="r">2009-05-19 00:00:00</subfield>
    <subfield code="t">1</subfield>
    <subfield code="v">225.00</subfield>
    <subfield code="w">2009-05-19</subfield>
    <subfield code="y">EN</subfield>
  </datafield>
  <datafield tag="952" ind1=" " ind2=" ">
    <subfield code="0">0</subfield>
    <subfield code="1">0</subfield>
    <subfield code="2">ddc</subfield>
    <subfield code="4">0</subfield>
    <subfield code="7">0</subfield>
    <subfield code="8">NFIC</subfield>
    <subfield code="a">BL4</subfield>
    <subfield code="b">BL4</subfield>
    <subfield code="d">2009-05-19</subfield>
    <subfield code="e">UBS/8475/3.1.09/248/12.12.08/7.1.09</subfield>
    <subfield code="g">225.00</subfield>
    <subfield code="l">1</subfield>
    <subfield code="o">915.042 HAR</subfield>
    <subfield code="p">B-309906</subfield>
    <subfield code="r">2019-05-24 00:00:00</subfield>
    <subfield code="s">2019-05-16</subfield>
    <subfield code="t">1</subfield>
    <subfield code="v">225.00</subfield>
    <subfield code="w">2009-05-19</subfield>
    <subfield code="y">EN</subfield>
  </datafield>
  <datafield tag="952" ind1=" " ind2=" ">
    <subfield code="0">0</subfield>
    <subfield code="1">0</subfield>
    <subfield code="2">ddc</subfield>
    <subfield code="4">0</subfield>
    <subfield code="7">0</subfield>
    <subfield code="8">NFIC</subfield>
    <subfield code="a">JP</subfield>
    <subfield code="b">JP</subfield>
    <subfield code="d">2009-10-01</subfield>
    <subfield code="e">Pansy Books/942/29.9.09/92/4.9.09/29.9.09</subfield>
    <subfield code="g">225.00</subfield>
    <subfield code="l">19</subfield>
    <subfield code="m">2</subfield>
    <subfield code="o">915.042 HAR</subfield>
    <subfield code="p">B-359129</subfield>
    <subfield code="r">2025-06-18 00:00:00</subfield>
    <subfield code="s">2025-05-28</subfield>
    <subfield code="t">1</subfield>
    <subfield code="v">225.00</subfield>
    <subfield code="w">2009-10-01</subfield>
    <subfield code="y">EN</subfield>
  </datafield>
</record>
